Tell me a riddle /

Bibliographic Details
Main Author: Olsen, Tillie
Format: Book
Language:English
Published: New York : Dell, 19761979 printing.
Series:Laurel edition/Seymour Lawrence book

MARC

Tag First Indicator Second Indicator Subfields
LEADER 00000cam a2200000 i 4500
001 in00000660813
005 20170411105624.0
008 770113c19761961nyu 00011 eng d
020 |a 0440385733 
035 |a (OCoLC)02677716 
035 |9 ACZ0945AM 
040 |a AMH  |c AMH  |d OCL  |d TXA  |d UtOrBLW 
049 |a TXAM  |c [1653109] 
050 4 |a PS3565.L82  |b T4 1976 
090 |a PS3565.L82  |b T45 1976 
100 1 |a Olsen, Tillie. 
245 1 0 |a Tell me a riddle /  |c by Tillie Olsen. 
264 1 |a New York :  |b Dell,  |c 19761979 printing. 
264 4 |c ©1961 
300 |a 125 pages ;  |c 18 cm. 
336 |a text  |b txt  |2 rdacontent 
337 |a unmediated  |b n  |2 rdamedia 
338 |a volume  |b nc  |2 rdacarrier 
490 0 |a Laurel edition/Seymour Lawrence book 
505 0 |a I stand here ironing--Hey sailor, what ship?--O yes.--Tell me a riddle. 
999 |a MARS 
999 f f |s aaf4d9a7-702d-361e-9f15-a03a3ba205f3  |i efcd5dbe-ab7e-37cc-a6b0-1703875bbda4  |t 0 
952 f f |p ric  |a Texas A&M University  |b Rellis Campus  |c Joint Library Facility  |d Remote Storage  |t 0  |e PS3565.L82 T45 1976  |h Library of Congress classification  |i unmediated -- volume  |m A14804328350 
998 f f |a PS3565.L82 T45 1976  |t 0  |l Remote Storage